Πρακτικα συμποσίου Σεφέρη : Αγία Νάπα, 14-16 Απριλίου 1988

Αποθηκεύτηκε σε:
Λεπτομέρειες βιβλιογραφικής εγγραφής
Συλλογικό Έργο: Υπουργείο Παιδείας Μορφωτική Υπηρεσία, Συμβούλιο Βελτιώσεως Αγίας Νάπας
Μορφή: Βιβλίο
Γλώσσα:Greek
Δημοσίευση: Λευκωσία : Μορφωτική Υπηρεσία Υπουργείου Παιδείας, 1991
Θέματα:
Ετικέτες: Προσθήκη ετικέτας
Δεν υπάρχουν, Καταχωρήστε ετικέτα πρώτοι!

MARC

LEADER 00000nam a2200000 i 4500
001 1/12504
008 001003s1991 gre d
020 |a 9963-0-0020-7 
035 |l 10064234 
040 |a GR-MY-UA  |b gre  |e aacr 
041 0 |a gre 
082 0 |a 889.19 
245 1 0 |a Πρακτικα συμποσίου Σεφέρη :  |b Αγία Νάπα, 14-16 Απριλίου 1988 /  |c Μορφωτική Υπηρεσία Υπουργείου Παιδείας, Συμβούλιο βελτιώσεως Αγίας Νάπας 
260 |a Λευκωσία :   |b Μορφωτική Υπηρεσία Υπουργείου Παιδείας,   |c 1991 
300 |a 306 σ.;  |b εικ.;  |c 24 cm 
600 1 0 |a Σεφέρης, Γιώργος,   |d 1900-1971. 
650 0 0 |a Poets, Greek (Modern)  |x Congresses. 
710 2 |a Υπουργείο Παιδείας  |b Μορφωτική Υπηρεσία. 
710 2 |a Συμβούλιο Βελτιώσεως Αγίας Νάπας. 
852 |a INST  |b RHODES  |e 20001003  |h 889.19 ΠΡΑ  |p 005400010387  |q 005400010387  |t BK  |y 0 
909 |a Ρ  |b 017604 
922 |a 4ΔΩΡ  |b 199106 
970 |z 2000/09/ΔΕΜΕΝΑΓΑΣ ΠΕΤΡΟΣ